Logo Biblioteca

Cuentos de Aventura (Registro nro. 391)

Detalles MARC
000 -LEADER
fixed length control field 00437nam a22001457a 4500
003 - CONTROL NUMBER IDENTIFIER
control field OSt
005 - DATE AND TIME OF LATEST TRANSACTION
control field 20241121104436.0
008 - FIXED-LENGTH DATA ELEMENTS--GENERAL INFORMATION
fixed length control field 241121s2012 ag ||||| |||| 00| 0 spa d
020 ## - INTERNATIONAL STANDARD BOOK NUMBER
International Standard Book Number 9789500115223
040 ## - CATALOGING SOURCE
Transcribing agency besoc
100 ## - MAIN ENTRY--PERSONAL NAME
Personal name Giussani, Laura
Relator term Coordinadora del área de literatura
245 ## - TITLE STATEMENT
Title Cuentos de Aventura
Remainder of title Para vivir una y mil historias
Statement of responsibility, etc. Laura Giussani
260 ## - PUBLICATION, DISTRIBUTION, ETC.
Place of publication, distribution, etc. Buenos Aires:
Name of publisher, distributor, etc. Editorial Estrada
Date of publication, distribution, etc. 2012
942 ## - ADDED ENTRY ELEMENTS (KOHA)
Source of classification or shelving scheme Universal Decimal Classification
Koha item type Obra General
Suppress in OPAC No
Existencias
Withdrawn status Lost status Source of classification or shelving scheme Damaged status Not for loan Collection Home library Current library Date acquired Total checkouts Barcode Date last seen Price effective from Koha item type
    Universal Decimal Classification     Colección General Biblioteca Escuela de Ciencias Sociales Biblioteca Escuela de Ciencias Sociales 21/11/2024   1252 21/11/2024 21/11/2024 Obra General
Biblioteca de la Escuela Preuniversitaria en Ciencias Sociales y Humanísticas.
Riobamba 250 bis.
CP 2000 - Rosario - Santa Fe
E-Mail: biblioteca@esociales.unr.edu.ar